| 000 | 01033nam a2200277 i 4500 | ||
|---|---|---|---|
| 001 | bg | ||
| 003 | BPK | ||
| 005 | 20220127084706.0 | ||
| 008 | 970629s1993 pl a f f |000 0 pol | ||
| 015 | _aPB 1993/9233 | ||
| 040 |
_aWA N _cBPK |
||
| 080 | _a681.5 | ||
| 080 | _a(075.8) | ||
| 245 | 0 | 0 |
_aLaboratorium podstaw automatyki : _bpraca zbiorowa. _nT. 1 / _cpod red. Józefa Lisowskiego ; [oprac. Zespół Teorii i Techniki Sterowania Instytutu Automatyki Okrętowej w składzie Andrzej Gawrychowski et al.]. |
| 250 | _a[Wyd. 2]. | ||
| 260 |
_aGdynia : _bWydaw. Wyższej Szkoły Morskiej, _c1993. |
||
| 300 |
_a211 s., [2] k. tabl. : _brys., wykr. ; _c21 cm. |
||
| 504 | _aBibliogr. przy ćw. | ||
| 655 | 4 | _aPodręczniki akademickie | |
| 650 | 4 | _aSterowanie | |
| 650 | 4 | _aAutomatyka | |
| 700 | 1 | _aGawrychowski, Andrzej. | |
| 700 | 1 |
_aLisowski, Józef _d(1943- ) _eRedakcja |
|
| 942 |
_2UKD _cKS |
||
| 856 |
_uhttp://koha.tu.koszalin.pl/cgi-bin/koha/opac-detail.pl?biblionumber=6330 _yKatalog online BPK |
||
| 999 |
_c6330 _d6330 |
||